KAPTAN FELİNİ FUTBOL MAÇI (Record no. 816970)
[ view plain ]
| 000 -LEADER | |
|---|---|
| sabit uzunluktaki kontrol alanı | 00255nam a2200097Ia 4500 |
| 001 - KONTROL NUMARASI | |
| kontrol alanı | 816970 |
| 005 - EN SON İŞLEMİN TARİH VE ZAMANI | |
| kontrol alanı | 20250826171725.0 |
| 008 - SABİT-UZUNLUKTA VERİ ÖĞELERİ--GENEL BİLGİ | |
| sabit uzunluktaki kontrol alanı | 250824s9999 xx 000 0 und d |
| 245 #0 - ESER / YAZAR | |
| ESER ADI | KAPTAN FELİNİ FUTBOL MAÇI |
| Yazar Adı | ŞEBNEM PİŞKİN |
| 260 ## - YAYIN, DAĞITIM, VB. | |
| YAYIN EVİ | ÇOCUK GEZEGENİ |
| Düşüm durumu | Kayıp durumu | Hasar Durumu | Ödünç verilmez | Ana kütüphane | Geçerli Kütüphane | Edinilen tarih | Toplam ödünç verme sayısı | Barkod | Son görüntüleme tarihi | Fiyatın geçerli olmaya başladığı tarih | Koha materyal türü |
|---|---|---|---|---|---|---|---|---|---|---|---|
| AHMET KARACİĞAN ORTAOKULU | AHMET KARACİĞAN ORTAOKULU | 24.08.2025 | 10401569 | 26.08.2025 | 26.08.2025 | Books |